The saving life of Christ / (Record no. 6586)
[ view plain ]
| 000 -LEADER | |
|---|---|
| fixed length control field | 00818cam a2200301I 4500 |
| 001 - CONTROL NUMBER | |
| control field | 506693 |
| 003 - CONTROL NUMBER IDENTIFIER | |
| control field | OSt |
| 005 - DATE AND TIME OF LATEST TRANSACTION | |
| control field | 20190117162544.0 |
| 008 - FIXED-LENGTH DATA ELEMENTS--GENERAL INFORMATION | |
| fixed length control field | 770303s1961 miu 000 0 eng |
| 010 ## - LIBRARY OF CONGRESS CONTROL NUMBER | |
| LC control number | 61019963 |
| 035 ## - SYSTEM CONTROL NUMBER | |
| System control number | (OCoLC)ocm02774106 |
| 035 ## - SYSTEM CONTROL NUMBER | |
| System control number | 506693 |
| 040 ## - CATALOGING SOURCE | |
| Original cataloging agency | DLC |
| Language of cataloging | eng |
| Description conventions | rda |
| Transcribing agency | UPC |
| 049 ## - LOCAL HOLDINGS (OCLC) | |
| Holding library | PTSS |
| 050 0# - LIBRARY OF CONGRESS CALL NUMBER | |
| Classification number | BV4501.2 |
| Item number | .T47 1961 |
| 082 ## - DEWEY DECIMAL CLASSIFICATION NUMBER | |
| Classification number | 248.4 |
| Item number | T454s |
| 100 1# - MAIN ENTRY--PERSONAL NAME | |
| Personal name | Thomas, W. Ian. |
| 245 14 - TITLE STATEMENT | |
| Title | The saving life of Christ / |
| Statement of responsibility, etc. | W. Ian Thomas. |
| 250 ## - EDITION STATEMENT | |
| Edition statement | 1972, Thirty-seventh printing. |
| 264 #1 - PRODUCTION, PUBLICATION, DISTRIBUTION, MANUFACTURE, AND COPYRIGHT NOTICE | |
| Place of production, publication, distribution, manufacture | Grand Rapids : |
| Name of producer, publisher, distributor, manufacturer | Zondervan Pub. House, |
| Date of production, publication, distribution, manufacture, or copyright notice | [1961] |
| 300 ## - PHYSICAL DESCRIPTION | |
| Extent | 143pages ; |
| Dimensions | 19 cm |
| 336 ## - CONTENT TYPE | |
| Content type term | text |
| Content type code | txt |
| Source | rdacontent |
| 337 ## - MEDIA TYPE | |
| Media type term | unmediated |
| Media type code | n |
| Source | rdamedia |
| 338 ## - CARRIER TYPE | |
| Carrier type term | volume |
| Carrier type code | nc |
| Source | rdacarrier |
| 650 #0 - SUBJECT ADDED ENTRY--TOPICAL TERM | |
| Topical term or geographic name entry element | Christian life. |
| 942 ## - ADDED ENTRY ELEMENTS (KOHA) | |
| Source of classification or shelving scheme | Dewey Decimal Classification |
| Koha item type | Books |
| 945 ## - LOCAL PROCESSING INFORMATION (OCLC) | |
| a | MARCIVE20181205 |
| Withdrawn status | Lost status | Source of classification or shelving scheme | Damaged status | Not for loan | Collection code | Home library | Current library | Shelving location | Date acquired | Cost, normal purchase price | Total Checkouts | Full call number | Barcode | Date last seen | Price effective from | Koha item type |
|---|---|---|---|---|---|---|---|---|---|---|---|---|---|---|---|---|
| Dewey Decimal Classification | Non-fiction | Harvest Mission College | Harvest Mission College | General Stacks | 17.01.2019 | 120.00 | 248.4 T454s | 007327 | 17.01.2019 | 17.01.2019 | Books | |||||
| Dewey Decimal Classification | Non-fiction | Harvest Mission College | Harvest Mission College | General Stacks | 15.01.2021 | 248.4 T454S | 010548 | 15.01.2021 | 15.01.2021 | Books |
